[Event "Portoroz Nat Festival 30th"]
[Site "Portoroz"]
[Date "2020.09.05"]
[Round "4"]
[White "Hercog, Nusa"]
[Black "Meglic, Jaka"]
[Result "1/2-1/2"]
[WhiteElo "2042"]
[BlackElo "2086"]
[PlyCount "60"]
[EventDate "2020.09.03"]
[EventType "swiss"]
[EventRounds "9"]
[EventCountry "SLO"]
[SourceTitle "CBM 198 Extra"]
[Source "ChessBase"]
[SourceDate "2020.11.30"]
[SourceVersion "1"]
[SourceVersionDate "2020.11.30"]
[SourceQuality "1"]

1. d4 Nf6 2. c4 e6 3. Nc3 Bb4 4. Nf3 b6 5. e3 Ne4 6. Qc2 Bb7 7. Bd3 f5 8. 0-0 Bxc3 9. bxc3 0-0 10. c5 bxc5 11. Rb1 Bc6 12. Ba3 Re8 13. dxc5 Nf6 14. Ne5 Be4 15. f3 Bxd3 16. Qxd3 Nc6 17. Nc4 Qc8 18. Nd2 Ne5 19. Qe2 Nd5 20. Rfc1 Rb8 21. Rxb8 Qxb8 22. c4 Ne7 23. f4 N5c6 24. Qd3 Qc8 25. Qc3 Ng6 26. Nf3 Qa6 27. Rd1 Re7 28. Rb1 Re8 29. Rd1 Re7 30. Rb1 Re8 1/2-1/2

[Event "SLO-chT1 East 29th"]
[Site "Slovenia"]
[Date "2019.10.19"]
[Round "8.3"]
[White "Amon, Nejc"]
[Black "Meglic, Jaka"]
[Result "1/2-1/2"]
[WhiteElo "2258"]
[BlackElo "2060"]
[PlyCount "96"]
[EventDate "2019.09.06"]
[EventType "team-tourn"]
[EventRounds "9"]
[EventCountry "SLO"]
[SourceTitle "CBM 192 Extra"]
[Source "Chessbase"]
[SourceDate "2019.11.06"]
[SourceVersion "1"]
[SourceVersionDate "2019.11.06"]
[SourceQuality "1"]
[WhiteTeam "Sentjur"]
[BlackTeam "Pomgrad Radenska II"]
[WhiteTeamCountry "SLO"]
[BlackTeamCountry "SLO"]

1. e4 c5 2. Nf3 g6 3. d4 cxd4 4. Nxd4 Nc6 5. Nc3 Bg7 6. Be3 Nf6 7. Bc4 0-0 8. Bb3 d6 9. f3 Bd7 10. Qd2 Rc8 11. 0-0-0 Ne5 12. Kb1 Re8 13. g4 Nc4 14. Bxc4 Rxc4 15. g5 Nh5 16. Nd5 Be6 17. Ne2 Bxd5 18. exd5 Qd7 19. b3 Rc7 20. Bd4 Rec8 21. Bxg7 Rxc2 22. Qxc2 Rxc2 23. Kxc2 Qf5+ 24. Rd3 Kxg7 25. h4 Qe5 26. Rd2 Qe3 27. Rh3 e5 28. dxe6 fxe6 29. Rh2 d5 30. Rd3 Qe5 31. Rg2 Qa1 32. a4 Qa2+ 33. Kc3 Kf7 34. Rd1 Qa3 35. Rg4 Qc5+ 36. Kd2 e5 37. Rc1 Qb6 38. Rc3 Ke6 39. Re3 Kf5 40. Rd3 Qc5 41. Re3 Qa3 42. Rd3 Qb2+ 43. Ke1 Qb1+ 44. Kd2 d4 45. Re4 Qa2+ 46. Ke1 Qb1+ 47. Kd2 Qa2+ 48. Ke1 Qb1+ 1/2-1/2

[Event "SLO-chT1 East"]
[Site "Slovenia"]
[Date "2019.09.22"]
[Round "6.2"]
[White "Meglic, Jaka"]
[Black "Buzeti, Jernej"]
[Result "1-0"]
[WhiteElo "2060"]
[BlackElo "2212"]
[PlyCount "63"]
[EventDate "2019.09.06"]
[EventType "team-tourn"]
[EventRounds "9"]
[EventCountry "SLO"]
[SourceTitle "EXT 2020"]
[Source "ChessBase"]
[SourceDate "2019.10.17"]
[SourceVersion "1"]
[SourceVersionDate "2019.10.17"]
[SourceQuality "1"]
[WhiteTeam "Pomgrad Radenska II"]
[BlackTeam "Maribor II"]
[WhiteTeamCountry "SLO"]
[BlackTeamCountry "SLO"]

1. e4 c5 2. Nf3 e6 3. d4 cxd4 4. Nxd4 Nc6 5. Nc3 Nf6 6. Ndb5 d6 7. Bf4 e5 8. Bg5 a6 9. Na3 Be6 10. Nc4 Rc8 11. Bxf6 gxf6 12. Ne3 Bh6 13. Ncd5 Bxe3 14. Nxe3 Qb6 15. Bd3 Qxb2 16. 0-0 Qd4 17. Qf3 Ke7 18. Rab1 b5 19. a4 Qc5 20. axb5 Nd4 21. Qh5 axb5 22. Kh1 Rhg8 23. Qh4 Rg6 24. f4 exf4 25. Qxf4 Qe5 26. Nf5+ Kf8 27. Qh4 Bxf5 28. exf5 Rg7 29. Rbe1 Qd5 30. Be4 Qc5 31. Qxf6 Qe5 32. Qh6 1-0

[Event "SLO-chT U20"]
[Site "Dobrna"]
[Date "2019.08.31"]
[Round "7.7"]
[White "Tisaj, Domen"]
[Black "Meglic, Jaka"]
[Result "1-0"]
[WhiteElo "2339"]
[BlackElo "2060"]
[PlyCount "101"]
[EventDate "2019.08.27"]
[EventType "team-tourn"]
[EventRounds "7"]
[EventCountry "SLO"]
[SourceTitle "EXT 2020"]
[Source "ChessBase"]
[SourceDate "2019.10.17"]
[SourceVersion "1"]
[SourceVersionDate "2019.10.17"]
[SourceQuality "1"]

1. d4 Nf6 2. c4 e6 3. Nc3 Bb4 4. e3 0-0 5. Nge2 d5 6. a3 Bd6 7. Ng3 c5 8. dxc5 Bxc5 9. cxd5 exd5 10. Bd3 Nc6 11. 0-0 Be6 12. b4 Bd6 13. Bb2 Rc8 14. Nb5 Be5 15. Bxe5 Nxe5 16. Nxa7 Rc3 17. Be2 Bd7 18. Nb5 Bxb5 19. Bxb5 Nc4 20. a4 Qe7 21. Ne2 Ra3 22. Rb1 Ne4 23. Qc1 Ra2 24. Nc3 Nxc3 25. Qxc3 Nd2 26. Ra1 Ne4 27. Qd4 Rd2 28. Bd3 Qg5 29. Rad1 Ra2 30. Bxe4 dxe4 31. a5 Qb5 32. Qxe4 Rc8 33. Qd5 Qxd5 34. Rxd5 Rb2 35. Rb5 g6 36. Rxb7 Kg7 37. h4 Rc4 38. g3 Rcxb4 39. Rxb4 Rxb4 40. Ra1 Rb7 41. a6 Ra7 42. Kg2 f5 43. Kf3 Kf6 44. Kf4 h6 45. Ra5 g5+ 46. hxg5+ hxg5+ 47. Kf3 Kg6 48. g4 fxg4+ 49. Kxg4 Kf6 50. Rf5+ Ke6 51. Rxg5 1-0

[Event "SLO-chT U20"]
[Site "Dobrna"]
[Date "2019.08.30"]
[Round "6.1"]
[White "Meglic, Jaka"]
[Black "Stevanic, David"]
[Result "0-1"]
[WhiteElo "2060"]
[BlackElo "2306"]
[PlyCount "78"]
[EventDate "2019.08.27"]
[EventType "team-tourn"]
[EventRounds "7"]
[EventCountry "SLO"]
[SourceTitle "EXT 2020"]
[Source "ChessBase"]
[SourceDate "2019.10.17"]
[SourceVersion "1"]
[SourceVersionDate "2019.10.17"]
[SourceQuality "1"]

1. e4 e5 2. Nf3 Nc6 3. Bb5 a6 4. Ba4 Nf6 5. 0-0 Be7 6. Re1 b5 7. Bb3 0-0 8. c3 d5 9. exd5 Nxd5 10. Nxe5 Nxe5 11. Rxe5 c6 12. d4 Bd6 13. Re1 Qh4 14. g3 Qh3 15. Be3 Bg4 16. Qd3 f5 17. Qf1 Qh5 18. f4 Kh8 19. Bxd5 cxd5 20. Nd2 g5 21. a4 b4 22. c4 Rae8 23. c5 Bb8 24. fxg5 f4 25. Bxf4 Be2 26. Qf2 Bxf4 27. gxf4 Qg4+ 28. Qg3 Rxf4 29. Nf1 Qf5 30. Ne3 Rxe3 31. Qxe3 Rg4+ 32. Qg3 Rxg3+ 33. hxg3 Qf3 34. Kh2 Qf2+ 35. Kh3 Bf3 36. g6 h6 37. Re8+ Kg7 38. Rae1 Qg2+ 39. Kh4 Qh2# 0-1

[Event "SLO-CupT"]
[Site "Dobrna"]
[Date "2019.04.14"]
[Round "4.3"]
[White "Zupancic, Urban"]
[Black "Meglic, Jaka"]
[Result "0-1"]
[WhiteElo "2004"]
[BlackElo "2132"]
[PlyCount "70"]
[EventDate "2019.04.12"]
[EventType "team-swiss"]
[EventRounds "5"]
[EventCountry "SLO"]
[SourceTitle "EXT 2020"]
[Source "ChessBase"]
[SourceDate "2019.10.17"]
[SourceVersion "1"]
[SourceVersionDate "2019.10.17"]
[SourceQuality "1"]
[WhiteTeam "Novo Mesto Krka"]
[BlackTeam "Radenska Pomgrad"]
[WhiteTeamCountry "SLO"]
[BlackTeamCountry "SLO"]

1. e4 c5 2. Nf3 g6 3. d4 cxd4 4. Nxd4 Nc6 5. Nc3 Bg7 6. Be3 Nf6 7. Bc4 0-0 8. Bb3 d6 9. f3 Bd7 10. Qd2 Rc8 11. 0-0-0 Ne5 12. Kb1 Re8 13. h4 h5 14. g4 hxg4 15. h5 Nxh5 16. Bh6 e6 17. Rdg1 g3 18. Rxh5 gxh5 19. Rxg3 Ng6 20. Nf5 Bxh6 21. Qxh6 Qf6 22. Nxd6 Rc5 23. f4 Qg7 24. Qxg7+ Kxg7 25. Nxe8+ Bxe8 26. e5 Bc6 27. Kc1 Kh6 28. Ne2 h4 29. Re3 Bg2 30. f5 exf5 31. Bxf7 Rxe5 32. Kd2 h3 33. Bxg6 Rxe3 34. Kxe3 h2 35. Ng3 Kxg6 0-1

[Event "SLO-CupT"]
[Site "Dobrna"]
[Date "2019.04.13"]
[Round "2"]
[White "Meglic, Jaka"]
[Black "Medvesek, Janez"]
[Result "1/2-1/2"]
[WhiteElo "2132"]
[BlackElo "1785"]
[PlyCount "127"]
[EventDate "2019.04.12"]
[EventType "team-swiss"]
[EventRounds "5"]
[EventCountry "SLO"]
[SourceTitle "EXT 2020"]
[Source "ChessBase"]
[SourceDate "2019.10.17"]
[SourceVersion "1"]
[SourceVersionDate "2019.10.17"]
[SourceQuality "1"]
[WhiteTeam "Radenska Pomgrad"]
[BlackTeam "Zagorje ob Savi"]
[WhiteTeamCountry "SLO"]
[BlackTeamCountry "SLO"]

1. e4 c6 2. d4 d5 3. Nc3 dxe4 4. Nxe4 Bf5 5. Ng3 Bg6 6. h4 h6 7. Nf3 Nf6 8. h5 Bh7 9. Bd3 Bxd3 10. Qxd3 e6 11. Bd2 c5 12. 0-0-0 Nc6 13. Bc3 Qc7 14. dxc5 Bxc5 15. Bxf6 gxf6 16. Ne4 Be7 17. Kb1 Rd8 18. Qc3 Qf4 19. Rxd8+ Kxd8 20. Rh4 Qf5 21. Ng3 Qc5 22. Qd2+ Qd6 23. Nd4 Kc8 24. Nb3 Qxd2 25. Nxd2 f5 26. Rh1 Bc5 27. Rf1 Rg8 28. Nc4 Kc7 29. b4 Bxb4 30. Rg1 Bc5 31. Nh1 Rg5 32. Nd2 Nd4 33. f4 Rg4 34. Nf2 Ne2 35. Nxg4 Bxg1 36. Nxh6 Nxf4 37. Nf3 Be3 38. Nxf7 Nxh5 39. N7g5 Ng7 40. c4 e5 41. Nf7 e4 42. N3e5 Ne6 43. Kc2 Ng5 44. Nh6 f4 45. Nf5 Bc5 46. Kd2 f3 47. gxf3 Nxf3+ 48. Nxf3 exf3 49. Ng3 Kd6 50. Ne4+ Kc6 51. Kd3 f2 52. Ke2 a6 53. Nxf2 Bxf2 54. Kxf2 Kc5 55. Ke2 Kxc4 56. Kd2 Kb4 57. Kc2 b5 58. Kb2 a5 59. Kc2 Kc5 60. Kb2 b4 61. Kc2 a4 62. a3 b3+ 63. Kb2 Kd4 64. Ka1 1/2-1/2

[Event "Portoroz op 12th"]
[Site "Portoroz"]
[Date "2018.07.19"]
[Round "7"]
[White "Meglic, Jaka"]
[Black "Pregarac, Valter"]
[Result "1/2-1/2"]
[WhiteElo "2102"]
[BlackElo "2173"]
[PlyCount "86"]
[EventDate "2018.07.14"]
[EventType "swiss"]
[EventRounds "9"]
[EventCountry "SVK"]
[SourceTitle "EXT 2019"]
[Source "ChessBase"]
[SourceDate "2018.10.10"]
[SourceVersion "1"]
[SourceVersionDate "2018.10.10"]
[SourceQuality "1"]

1. e4 e6 2. d4 d5 3. Nd2 c5 4. exd5 exd5 5. dxc5 Bxc5 6. Nb3 Bb6 7. Nf3 Nf6 8. Be2 0-0 9. 0-0 h6 10. c3 Nc6 11. Nfd4 Re8 12. Be3 Bc7 13. Re1 a6 14. Nxc6 bxc6 15. Bf3 Ne4 16. g3 f5 17. Nc5 Bd6 18. Nd3 Bb7 19. Bg2 Qc7 20. f3 Ng5 21. b4 Rad8 22. Bc5 Bc8 23. Rxe8+ Rxe8 24. Qd2 a5 25. a3 Ba6 26. Bxd6 Qxd6 27. Re1 Rxe1+ 28. Nxe1 axb4 29. axb4 c5 30. bxc5 Qxc5+ 31. Qd4 Qb5 32. h4 Nf7 33. f4 Qe2 34. Qf2 Qe6 35. Qd2 Bc4 36. Nd3 Qb6+ 37. Kh2 Nd6 38. Ne5 Qc5 39. Nxc4 dxc4 40. Qd5+ Qxd5 41. Bxd5+ Kf8 42. Kg2 Ke7 43. Kf3 Nb5 1/2-1/2

[Event "Portoroz op 12th"]
[Site "Portoroz"]
[Date "2018.07.17"]
[Round "5"]
[White "Meglic, Jaka"]
[Black "Gruskovnjak, Tomislav"]
[Result "0-1"]
[WhiteElo "2102"]
[BlackElo "2278"]
[PlyCount "118"]
[EventDate "2018.07.14"]
[EventType "swiss"]
[EventRounds "9"]
[EventCountry "SVK"]
[SourceTitle "EXT 2019"]
[Source "ChessBase"]
[SourceDate "2018.10.10"]
[SourceVersion "1"]
[SourceVersionDate "2018.10.10"]
[SourceQuality "1"]

1. e4 c5 2. Nf3 d6 3. d4 cxd4 4. Nxd4 Nf6 5. Nc3 a6 6. Be3 e5 7. Nf3 Be7 8. Bc4 0-0 9. 0-0 Nc6 10. Bg5 Be6 11. Bb3 Nd7 12. Bxe7 Qxe7 13. Nd5 Qd8 14. Qe2 Nc5 15. Rad1 Nxb3 16. axb3 Rc8 17. c3 Ne7 18. Nxe7+ Qxe7 19. Qd3 Rc6 20. Nd2 Rd8 21. f4 f6 22. Qg3 Bf7 23. b4 Bg6 24. Rde1 Re8 25. Qf3 Rc7 26. h3 Qd8 27. Re3 exf4 28. Qxf4 b5 29. Rfe1 Rce7 30. Rd3 Re6 31. Rde3 Qb6 32. Kh2 d5 33. e5 Qc7 34. Nf3 Be4 35. Nd4 Rxe5 36. Qg3 Qc8 37. Nf3 Bxf3 38. Rxe5 Rxe5 39. gxf3 Qe6 40. Rf1 Re2+ 41. Rf2 Qe5 42. f4 Qe4 43. h4 h5 44. f5 Qe5 45. Rxe2 Qxe2+ 46. Kg1 Qd1+ 47. Kg2 Qc2+ 48. Qf2 Qe4+ 49. Kg3 Qg4+ 50. Kh2 Kh7 51. Kh1 g6 52. Qa7+ Kh6 53. fxg6 Qxh4+ 54. Kg2 Qg4+ 55. Kf2 Qf5+ 56. Ke3 Qe6+ 57. Kf2 Kxg6 58. Qd4 Qf5+ 59. Kg3 Qe5+ 0-1

[Event "SLO-chT U20"]
[Site "Nova Gorica"]
[Date "2018.06.28"]
[Round "2.4"]
[White "Meglic, Jaka"]
[Black "Cvitan, Ena"]
[Result "1/2-1/2"]
[WhiteElo "2102"]
[BlackElo "2134"]
[PlyCount "106"]
[EventDate "2018.06.27"]
[EventType "team-tourn"]
[EventRounds "7"]
[EventCountry "SLO"]
[SourceTitle "EXT 2020"]
[Source "ChessBase"]
[SourceDate "2019.10.17"]
[SourceVersion "1"]
[SourceVersionDate "2019.10.17"]
[SourceQuality "1"]
[WhiteTeam "Radenska Pomgrad U20"]
[BlackTeam "Kocevje U20"]
[WhiteTeamCountry "SLO"]
[BlackTeamCountry "SLO"]

1. e4 c6 2. d4 d5 3. Nc3 dxe4 4. Nxe4 Bf5 5. Ng3 Bg6 6. h4 h6 7. Nf3 Nd7 8. h5 Bh7 9. Bd3 Bxd3 10. Qxd3 Ngf6 11. Bf4 e6 12. 0-0-0 a5 13. Ne4 Nxe4 14. Qxe4 Nf6 15. Qe2 a4 16. c4 Be7 17. Ne5 Rc8 18. g4 b5 19. g5 hxg5 20. Bxg5 bxc4 21. Bxf6 Bxf6 22. Qxc4 Qd5 23. Qxa4 0-0 24. Kb1 Bxe5 25. dxe5 Qxe5 26. Qd4 Qf5+ 27. Ka1 e5 28. Qh4 Ra8 29. a3 Rfb8 30. Rd2 e4 31. Qg3 Qf6 32. Rc2 Rd8 33. Qc3 Qxc3 34. Rxc3 Rd2 35. f3 Rb8 36. Rb1 exf3 37. Rxf3 Rb5 38. Rh3 Kh7 39. b4 c5 40. a4 Rxb4 41. Rxb4 cxb4 42. Rf3 Rd5 43. Kb2 Rxh5 44. Rxf7 Kg6 45. Rf4 Rh3 46. Rxb4 Kf5 47. a5 g5 48. a6 Rh8 49. a7 Ra8 50. Ra4 g4 51. Kb3 g3 52. Ra2 g2 53. Rxg2 Rxa7 1/2-1/2

[Event "SLO-chT U20"]
[Site "Nova Gorica"]
[Date "2018.06.28"]
[Round "3.1"]
[White "Tomulic, Teo"]
[Black "Meglic, Jaka"]
[Result "1-0"]
[WhiteElo "2261"]
[BlackElo "2102"]
[PlyCount "113"]
[EventDate "2018.06.27"]
[EventType "team-tourn"]
[EventRounds "7"]
[EventCountry "SLO"]
[SourceTitle "EXT 2020"]
[Source "ChessBase"]
[SourceDate "2019.10.17"]
[SourceVersion "1"]
[SourceVersionDate "2019.10.17"]
[SourceQuality "1"]
[WhiteTeam "Novo Mesto Krka U20"]
[BlackTeam "Radenska Pomgrad U20"]
[WhiteTeamCountry "SLO"]
[BlackTeamCountry "SLO"]

1. e4 c5 2. Nf3 Nc6 3. Bb5 g6 4. 0-0 Bg7 5. Re1 Nf6 6. h3 0-0 7. c3 d6 8. d4 cxd4 9. cxd4 Bd7 10. Nc3 a6 11. Bf1 Rc8 12. Bf4 Ne8 13. Qd2 Nc7 14. Bh6 b5 15. Rac1 e5 16. Red1 Bxh6 17. Qxh6 Qf6 18. dxe5 Nxe5 19. Ng5 Qg7 20. Qxg7+ Kxg7 21. f4 Nc4 22. Bxc4 bxc4 23. Rxd6 Be6 24. Rcd1 h6 25. Nf3 Rb8 26. R1d2 a5 27. Nd4 Rfe8 28. Kf2 h5 29. Kf3 Kg8 30. Nc6 Ra8 31. Rd8 Rexd8 32. Rxd8+ Rxd8 33. Nxd8 Kf8 34. Nb7 Ke7 35. Nxa5 Kd6 36. Nb7+ Kc6 37. Nd8+ Kc5 38. Nxe6+ Nxe6 39. f5 Nf8 40. Kf4 Kd4 41. Nb5+ Kc5 42. Nc3 Kd4 43. g4 hxg4 44. hxg4 Nd7 45. g5 gxf5 46. exf5 Ne5 47. Ne2+ Kd5 48. b3 cxb3 49. axb3 Nd3+ 50. Kg4 Ke5 51. f6 Nc5 52. b4 Nd7 53. b5 Kd5 54. Kf5 Kc4 55. Nf4 Kxb5 56. Ne6 Kc6 57. Nd8+ 1-0

[Event "SLO-chT U20"]
[Site "Nova Gorica"]
[Date "2018.06.27"]
[Round "1.2"]
[White "Herega, Nejc"]
[Black "Meglic, Jaka"]
[Result "1/2-1/2"]
[WhiteElo "1896"]
[BlackElo "2102"]
[PlyCount "83"]
[EventDate "2018.06.27"]
[EventType "team-tourn"]
[EventRounds "7"]
[EventCountry "SLO"]
[SourceTitle "EXT 2020"]
[Source "ChessBase"]
[SourceDate "2019.10.17"]
[SourceVersion "1"]
[SourceVersionDate "2019.10.17"]
[SourceQuality "1"]
[WhiteTeam "Nova Gorica U20"]
[BlackTeam "Radenska Pomgrad U20"]
[WhiteTeamCountry "SLO"]
[BlackTeamCountry "SLO"]

1. d4 Nf6 2. c4 e6 3. Nc3 Bb4 4. e3 0-0 5. Nge2 d5 6. a3 Bd6 7. Ng3 c5 8. dxc5 Bxc5 9. b4 Be7 10. Bb2 dxc4 11. Qxd8 Rxd8 12. Bxc4 a6 13. Ke2 b5 14. Bd3 Bb7 15. f3 Nbd7 16. Nce4 Rac8 17. Rac1 Nd5 18. Bd4 f5 19. Nc5 Nxc5 20. Bxc5 Bf6 21. Rc2 Be5 22. Rhc1 g6 23. Nf1 Kf7 24. g3 Ne7 25. Nd2 Rd7 26. f4 Bg7 27. Nb3 Rxd3 28. Kxd3 Be4+ 29. Kd2 Bxc2 30. Rxc2 Nd5 31. Na5 Ke8 32. Nb7 Kd7 33. Nd6 Rc6 34. e4 fxe4 35. Nxe4 e5 36. Ke2 h6 37. Kf3 exf4 38. gxf4 Ke6 39. Re2 Kd7 40. Rd2 Ke6 41. Re2 Kd7 42. Rd2 1/2-1/2

[Event "Portoroz op 11th"]
[Site "Portoroz"]
[Date "2017.07.29"]
[Round "9"]
[White "Meglic, Jaka"]
[Black "Brank, Ziga"]
[Result "1/2-1/2"]
[WhiteElo "1961"]
[BlackElo "1764"]
[PlyCount "90"]
[EventDate "2017.07.22"]
[EventType "swiss"]
[EventRounds "9"]
[EventCountry "SLO"]
[SourceTitle "EXT 2020"]
[Source "ChessBase"]
[SourceDate "2019.10.17"]
[SourceVersion "1"]
[SourceVersionDate "2019.10.17"]
[SourceQuality "1"]

1. e4 e6 2. d4 d5 3. e5 c5 4. c3 Nc6 5. Nf3 Bd7 6. a3 c4 7. Be2 Nge7 8. 0-0 Na5 9. Nbd2 Bc6 10. Qe1 Ba4 11. Bd1 Qd7 12. Qe2 h5 13. Re1 g6 14. Nf1 Bxd1 15. Qxd1 Nb3 16. Rb1 a5 17. Bg5 a4 18. N1d2 Nxd2 19. Qxd2 Nf5 20. Qf4 Bh6 21. Bxh6 Nxh6 22. Qf6 Rg8 23. Ng5 Qe7 24. Qf4 Rh8 25. h3 Kd7 26. Re2 b5 27. Nf3 Qf8 28. Qg5 Ng8 29. Nh4 Qh6 30. Nf3 Qxg5 31. Nxg5 Nh6 32. Rbe1 Raf8 33. h4 Nf5 34. g3 Ke7 35. Kg2 Ke8 36. f4 Ke7 37. Nf3 Nh6 38. Rd1 Re8 39. Ne1 Kd7 40. Nc2 Nf5 41. Nb4 Ra8 42. Rde1 Ne7 43. Kf3 Nc6 44. Nxc6 Kxc6 45. Re3 Kd7 1/2-1/2

[Event "Maribor Pirc Memorial op 20th"]
[Site "Maribor"]
[Date "2017.06.27"]
[Round "4"]
[White "Beletic, Daniel"]
[Black "Meglic, Jaka"]
[Result "1-0"]
[WhiteElo "2314"]
[BlackElo "1961"]
[PlyCount "129"]
[EventDate "2017.06.24"]
[EventType "swiss"]
[EventRounds "9"]
[EventCountry "SLO"]
[SourceTitle "CBM 179 Extra"]
[Source "ChessBase"]
[SourceDate "2017.08.23"]
[SourceVersion "1"]
[SourceVersionDate "2017.08.23"]
[SourceQuality "1"]

1. Nf3 Nf6 2. c4 e6 3. g3 d5 4. b3 Be7 5. Bg2 b6 6. 0-0 Bb7 7. e3 Nbd7 8. Nc3 0-0 9. Qe2 c5 10. Bb2 Rc8 11. Rac1 Qc7 12. Nh4 Rfe8 13. f4 Bc6 14. f5 Qb7 15. fxe6 fxe6 16. cxd5 exd5 17. Nf5 Bf8 18. Nb5 Qb8 19. g4 Ne5 20. Nh6+ Kh8 21. Bxe5 Bxb5 22. Rxf6 Rxe5 23. Nf7+ Kg8 24. Qxb5 gxf6 25. Nxe5 Qxe5 26. Qd7 Rc7 27. Qxd5+ Qxd5 28. Bxd5+ Kg7 29. Be6 Bd6 30. a4 a5 31. Kg2 Re7 32. Bf5 Re5 33. Kf3 Rd5 34. d3 Be5 35. Ke4 Rd8 36. h4 Bb2 37. Rc4 h6 38. d4 Ba3 39. Be6 Kf8 40. Kf5 Ke7 41. d5 Bb2 42. Kg6 Rh8 43. Re4 Kd6 44. Bf7 Be5 45. h5 Rf8 46. Be6 f5 47. gxf5 Rf6+ 48. Kh7 Bc3 49. Rg4 Ke5 50. Rg8 Bd2 51. Rd8 Bxe3 52. d6 Bg5 53. Rb8 Kxd6 54. Kg7 Kc6 55. Rc8+ Kd6 56. Rd8+ Kc7 57. Rd1 b5 58. axb5 Kb6 59. Rd6+ Kc7 60. Rc6+ Kb8 61. Bd7 Rxc6 62. Bxc6 c4 63. bxc4 a4 64. Bd5 a3 65. c5 1-0

[Event "SLO-ch U16"]
[Site "Ptuj"]
[Date "2017.02.27"]
[Round "4"]
[White "Gabrijan, Timotej"]
[Black "Meglic, Jaka"]
[Result "0-1"]
[WhiteElo "1394"]
[BlackElo "1965"]
[PlyCount "64"]
[EventDate "2017.02.25"]
[EventType "swiss"]
[EventRounds "9"]
[EventCountry "SLO"]
[SourceTitle "CBM 177 Extra"]
[Source "ChessBase"]
[SourceDate "2017.04.27"]
[SourceVersion "1"]
[SourceVersionDate "2017.04.27"]
[SourceQuality "1"]

1. e4 c5 2. c3 d5 3. exd5 Qxd5 4. d4 Nf6 5. Nf3 e6 6. a3 Be7 7. Be2 0-0 8. 0-0 Nc6 9. h3 cxd4 10. cxd4 a6 11. Nc3 Qd6 12. Be3 b5 13. b4 Bb7 14. Qb3 Rfd8 15. Rfd1 Rac8 16. Rac1 h6 17. g3 Qb8 18. Ne1 Bd6 19. Ng2 Ne7 20. Nf4 Ned5 21. Nfxd5 Nxd5 22. Ne4 Bc7 23. Kh2 Ne7 24. Nc5 Bd5 25. Qb2 Nf5 26. Nxa6 Bxg3+ 27. Kg1 Bh2+ 28. Kf1 Nxe3+ 29. Ke1 Ng2+ 30. Kf1 Qf4 31. Rxc8 Rxc8 32. Rd3 Rc1+ 0-1

[Event "SLO-ch U16"]
[Site "Ptuj"]
[Date "2017.02.26"]
[Round "3"]
[White "Meglic, Jaka"]
[Black "Jelen, Miha"]
[Result "1/2-1/2"]
[WhiteElo "1965"]
[BlackElo "1912"]
[PlyCount "84"]
[EventDate "2017.02.25"]
[EventType "swiss"]
[EventRounds "9"]
[EventCountry "SLO"]
[SourceTitle "CBM 177 Extra"]
[Source "ChessBase"]
[SourceDate "2017.04.27"]
[SourceVersion "1"]
[SourceVersionDate "2017.04.27"]
[SourceQuality "1"]

1. e4 c5 2. Nf3 Nc6 3. d4 cxd4 4. Nxd4 g6 5. Nc3 Bg7 6. Be3 Nf6 7. Bc4 0-0 8. Bb3 Re8 9. 0-0 d6 10. h3 Na5 11. f4 b6 12. Qd3 Nxb3 13. Nxb3 Bb7 14. Rad1 Rc8 15. Rfe1 Qc7 16. Rd2 Qc4 17. Bd4 Qxd3 18. cxd3 Bh6 19. Rf2 Nd7 20. Rd1 Nc5 21. Nxc5 dxc5 22. Be3 Red8 23. g3 Bg7 24. Rfd2 Rd7 25. d4 cxd4 26. Bxd4 Rcd8 27. e5 Bf3 28. Rf1 Bc6 29. Rfd1 f6 30. exf6 Bxf6 31. Be3 Bxc3 32. bxc3 Rxd2 33. Rxd2 Rxd2 34. Bxd2 Kf7 35. Kf2 Ke6 36. c4 b5 37. cxb5 Bxb5 38. Bb4 Kf6 39. Ke3 Bf1 40. h4 e6 41. Bd6 Kf5 42. Kf3 h5 1/2-1/2

[Event "Nova Gorica op 22nd"]
[Site "Nova Gorica"]
[Date "2017.02.02"]
[Round "9"]
[White "Meglic, Jaka"]
[Black "Mestek, Igor"]
[Result "0-1"]
[WhiteElo "1965"]
[BlackElo "2139"]
[PlyCount "106"]
[EventDate "2017.01.27"]
[EventType "swiss"]
[EventRounds "9"]
[EventCountry "SLO"]
[SourceTitle "CBM 176 Extra"]
[Source "ChessBase"]
[SourceDate "2017.03.02"]
[SourceVersion "1"]
[SourceVersionDate "2017.03.02"]
[SourceQuality "1"]

1. e4 e5 2. Nf3 Qe7 3. Bc4 Nf6 4. 0-0 h6 5. d4 d6 6. Nc3 c6 7. Re1 Bg4 8. dxe5 dxe5 9. h3 Bc8 10. a4 g5 11. Qd3 Nbd7 12. b3 Nh5 13. Ba3 Nf4 14. Qe3 Qf6 15. Bb2 Bc5 16. Qd2 Nxh3+ 17. gxh3 Qxf3 18. Bf1 Rg8 19. Bg2 Qf6 20. Nd1 g4 21. hxg4 Rxg4 22. Ne3 Qg5 23. Rad1 Bxe3 24. fxe3 Nc5 25. Bxe5 Nxe4 26. Qe2 Qxe5 27. Rd4 Be6 28. Qxg4 Bxg4 29. Rxe4 Qxe4 30. Bxe4 Ke7 31. Kf2 Rd8 32. Bd3 Kf6 33. Kg3 Kg5 34. Rf1 f6 35. Rf4 h5 36. Rc4 Be6 37. Rb4 b6 38. Rh4 Bxb3 39. Re4 Rd7 40. Re8 Bf7 41. Rc8 h4+ 42. Kh2 c5 43. Rc6 c4 44. Bxc4 Rd2+ 45. Kg1 Rxc2 46. Bb5 Rxc6 47. Bxc6 Be6 48. Kf2 Kf5 49. Be8 Ke5 50. Bc6 Bd5 51. Bd7 a5 52. Be8 Kd6 53. Kg1 Bc6 0-1

[Event "Nova Gorica op 22nd"]
[Site "Nova Gorica"]
[Date "2017.02.01"]
[Round "8"]
[White "Urh, Zala"]
[Black "Meglic, Jaka"]
[Result "1/2-1/2"]
[WhiteElo "2049"]
[BlackElo "1965"]
[PlyCount "77"]
[EventDate "2017.01.27"]
[EventType "swiss"]
[EventRounds "9"]
[EventCountry "SLO"]
[SourceTitle "CBM 176 Extra"]
[Source "ChessBase"]
[SourceDate "2017.03.02"]
[SourceVersion "1"]
[SourceVersionDate "2017.03.02"]
[SourceQuality "1"]

1. d4 Nf6 2. c4 e6 3. Nc3 Bb4 4. Nf3 b6 5. Bg5 Bb7 6. e3 h6 7. Bh4 g5 8. Bg3 Ne4 9. Qc2 d6 10. Bd3 Bxc3+ 11. bxc3 Nxg3 12. hxg3 g4 13. Nh4 Nd7 14. e4 Qg5 15. Rb1 Bc6 16. Qd2 Nf6 17. Qe2 Qa5 18. Rc1 0-0-0 19. 0-0 Qg5 20. Rb1 Nh5 21. Rb2 Rdg8 22. Rfb1 Nf4 23. Qd2 Ng6 24. Qxg5 hxg5 25. Nxg6 Rxg6 26. Kf1 Rh2 27. Ke2 Rgh6 28. Rg1 Rh1 29. Rbb1 Rxg1 30. Rxg1 e5 31. Ke3 Bd7 32. a3 c5 33. Be2 Be6 34. Rd1 Kc7 35. Rc1 Rh2 36. Rg1 Kd8 37. Bd3 Kc7 38. Be2 Kd8 39. Bd3 1/2-1/2

[Event "Nova Gorica op 22nd"]
[Site "Nova Gorica"]
[Date "2017.01.31"]
[Round "7"]
[White "Tica, Sven"]
[Black "Meglic, Jaka"]
[Result "1-0"]
[WhiteElo "2352"]
[BlackElo "1965"]
[PlyCount "63"]
[EventDate "2017.01.27"]
[EventType "swiss"]
[EventRounds "9"]
[EventCountry "SLO"]
[SourceTitle "CBM 176 Extra"]
[Source "ChessBase"]
[SourceDate "2017.03.02"]
[SourceVersion "1"]
[SourceVersionDate "2017.03.02"]
[SourceQuality "1"]

1. d4 Nf6 2. c4 e6 3. g3 d5 4. Nf3 Be7 5. Bg2 0-0 6. 0-0 dxc4 7. Qc2 a6 8. Qxc4 b5 9. Qc2 Bb7 10. Bd2 Be4 11. Qc1 c6 12. e3 Qb6 13. Nc3 Bd5 14. Qc2 Nbd7 15. e4 Bc4 16. Rfc1 e5 17. b3 exd4 18. bxc4 dxc3 19. Bxc3 b4 20. Bb2 Bc5 21. Bh3 Rad8 22. e5 Nh5 23. Rd1 Nb8 24. Bg4 f5 25. Bxh5 Rxd1+ 26. Rxd1 g6 27. Ng5 gxh5 28. Qe2 f4 29. Qxh5 Qa7 30. e6 Bxf2+ 31. Kg2 Qe7 32. Nf7 1-0